| 000 | 00547cam a22002291 4500 | ||
|---|---|---|---|
| 001 | sa 65001747 | ||
| 003 | DLC | ||
| 005 | 20260227112111.0 | ||
| 008 | 890918s1962 ii 000 1 urdr | ||
| 010 | _asa 65001747 | ||
| 035 | _a(OCoLC)20362449 | ||
| 040 |
_aDLC _cWaU _dDLC |
||
| 042 | _apremarc | ||
| 050 | 0 | 0 |
_aPK2200.C5 _bG3 |
| 100 | 1 | _aChandar, Krishan. | |
| 245 | 1 | 0 | _aGadhe kī vāpasī. |
| 260 |
_a[Delhi, _c1962] |
||
| 300 |
_a174 p. _c19 cm. |
||
| 500 | _aIn Urdu. | ||
| 500 | _aText partially vocalized. | ||
| 500 | _aA novel. | ||
| 999 |
_c62200 _d62200 |
||